Narrative of the loss of the ship Hercules, commanded by Captain Benjamin Stout, on the coast of Caffraria, the 16th of June, 1796 : also, a circumstantial detail of his travels through the southern deserts of Africa, and the colonies, to the Cape of Good Hope. : With an introductory address to the Rt. Hon. John Adams, president of the Continental Congress of America.

Bibliographic Details
Main Author: Stout, Benjamin
Format: eBook
Language:English
Series:Early American imprints. Evans (1639-1800) ; no. 32886.
Subjects:
Online Access:Evans Digital Edition

MARC

Tag First Indicator Second Indicator Subfields
LEADER 00000cam a2200000 a 4500
001 in00002161908
006 m e d #
007 cr mn mmmmabba
008 830425s1797 nyu s 000 0 eng d
005 20260331150830.9
035 |z w013706 
035 |a MAAR8304253612B 
035 |9 mwa91-7117 
035 |a 345368 
035 |a aas03013706 
040 |a MWA  |c MWA  |e bdrb  |d UtOrBLW 
100 1 |a Stout, Benjamin. 
245 1 0 |a Narrative of the loss of the ship Hercules, commanded by Captain Benjamin Stout, on the coast of Caffraria, the 16th of June, 1796 :  |b also, a circumstantial detail of his travels through the southern deserts of Africa, and the colonies, to the Cape of Good Hope. : With an introductory address to the Rt. Hon. John Adams, president of the Continental Congress of America. 
264 3 |a New-York :  |b Printed for James Chevalier,  |c [1798?] 
300 |a liii, 113 [i.e., 114], 1 unnumbered page ;  |c 18 cm. (duodecimo) 
336 |a text  |b txt  |2 rdacontent 
337 |a computer  |b c  |2 rdamedia 
338 |a online resource  |b cr  |2 rdacarrier 
500 |a Date of publication suggested by Evans. Dedication dated: London, 20th November, 1797. 
500 |a Error in paging: page number 43 repeated. 
510 4 |a Evans  |c 32886 
530 |a Microform version available in the Readex Early American Imprints series. 
533 |a Electronic text and image data.  |b [Chester, Vt. :  |c Readex, a division of Newsbank, Inc.,  |d 2002-2004.  |e Includes files in TIFF, GIF and PDF formats with inclusion of keyword searchable text.  |f (Early American imprints. First series ; no. 32886). 
500 |a Electronic resource. 
600 1 0 |a Stout, Benjamin. 
610 2 0 |a Hercules (Ship) 
650 0 |a Shipwrecks  |z South Africa  |z Kaffraria. 
651 0 |a Great Britain  |x Colonies  |z South Africa. 
651 0 |a South Africa  |x Description and travel. 
700 1 |a Adams, John,  |d 1735-1826,  |e dedicatee. 
752 |a United States  |b New York  |d New York. 
830 0 |a Early American imprints.  |n Series I,  |p Evans (1639-1800) ;  |v no. 32886. 
856 4 1 |u http://proxy.library.tamu.edu/login?url=https://opac.newsbank.com/select/evans/32886  |y Evans Digital Edition  |t 0 
999 |a MARS 
999 f f |s d7355196-b072-3f7a-9cc2-8577fa828632  |i 7fda97d0-80af-36c3-b68e-b85bf142a710  |t 0 
952 f f |a Texas A&M University  |b College Station  |c Electronic Resources  |s www_evans  |d Available Online  |t 0  |h No information provided 
998 f f |t 0  |l Available Online